Statistics for Super Smash Bros. Ultimate Characters with Reflectors

Click here to take the quiz!

General Stats

  • This quiz has been taken 172 times
    (82 since last reset)
  • The average score is 18 of 22

Answer Stats

NumberCharacter% Correct
1Mario
100%
7Fox
99%
20Falco
96%
44Wolf
91%
10Ness
88%
71Joker
87%
81Kazuya
87%
76Min Min
87%
54Palutena
86%
28EDark Pit
84%
28Pit
84%
72Hero
83%
37Lucas
81%
18Dr. Mario
77%
67King K. Rool
77%
17Zelda
75%
24Mewtwo
72%
42R.O.B.
71%
39King Dedede
68%
26Mr. Game and Watch
68%
53Mii Gunner
65%
52Mii Swordfighter
65%

Score Distribution

Percentile by Number Answered

Percent of People with Each Score

Your Score History

You have not taken this quiz since the last reset